ՀՀ Գիտությունների ազգային ակադեմիայի հիմնարար գիտական գրադարան  =   Fundamental Scientific Library of NAS RA

Хронологический справочник (XIX И XX вв.) / (Record no. 255449)

MARC details
000 -LEADER
fixed length control field 01077nam a2200253 a 4500
001 - CONTROL NUMBER
control field 000688636
003 - CONTROL NUMBER IDENTIFIER
control field AM-YeHGA
005 - DATE AND TIME OF LATEST TRANSACTION
control field 20250617142321.0
008 - FIXED-LENGTH DATA ELEMENTS--GENERAL INFORMATION
fixed length control field 091008s1984 ru d r 000 0 rus d
040 ## - CATALOGING SOURCE
Original cataloging agency AM-YeHGA
041 0# - LANGUAGE CODE
Language code of text/sound track or separate title rus
090 ## - LOCALLY ASSIGNED LC-TYPE CALL NUMBER (OCLC); LOCAL CALL NUMBER (RLIN)
-- 257053
245 00 - TITLE STATEMENT
Title Хронологический справочник (XIX И XX вв.) /
Statement of responsibility, etc. АН СССР, Ин-т рус. лит. (Пушкин. дом); Сост. М.И. Перпер; Отв. ред.: В.Н. Баскаков.
260 ## - PUBLICATION, DISTRIBUTION, ETC.
Place of publication, distribution, etc. Ленинград :
Name of publisher, distributor, etc. Наука, Ленингр. отд-ние,
Date of publication, distribution, etc. 1984.
300 ## - PHYSICAL DESCRIPTION
Extent 37 с.
500 ## - GENERAL NOTE
General note На обл. сост. не указан
653 0# - INDEX TERM--UNCONTROLLED
Uncontrolled term Календарь
653 0# - INDEX TERM--UNCONTROLLED
Uncontrolled term Время - Исчисление
653 0# - INDEX TERM--UNCONTROLLED
Uncontrolled term СССР - История - 19-20 вв.
700 1# - ADDED ENTRY--PERSONAL NAME
Personal name Перпер, Мира Иосифовна
Relator term сост.
Relationship com
700 1# - ADDED ENTRY--PERSONAL NAME
Personal name Баскаков, В.Н.
Relator term ред.
Relationship edt
710 2# - ADDED ENTRY--CORPORATE NAME
Corporate name or jurisdiction name as entry element Академия наук СССР
710 2# - ADDED ENTRY--CORPORATE NAME
Corporate name or jurisdiction name as entry element Институт русской литературы (Пушкинский дом) АН СССР
Holdings
Withdrawn status Lost status Damaged status Not for loan Collection Home library Current library Date acquired Total checkouts Full call number Barcode Date last seen Price effective from Koha item type Public note
        General Fundamental Scientific Library Fundamental Scientific Library 29/12/2016   PII/527816 FL0175158 29/12/2016 29/12/2016 Գրքեր / Books 30 Days Loan
        General Fundamental Scientific Library Fundamental Scientific Library 29/12/2016   PII/531813 FL0168803 29/12/2016 29/12/2016 Գրքեր / Books 30 Days Loan
        General Fundamental Scientific Library Fundamental Scientific Library 29/12/2016   PII/555649 FL0130182 29/12/2016 29/12/2016 Գրքեր / Books 30 Days Loan


ՀՀ ԳԱԱ հիմնարար գիտական գրադարան
ՀՀ,Երևան 0019
Մարշալ Բաղրամյան 24/6
հեռախոս:(374-10) 52-47-50
Հետադարձ կապ

All site content, except where otherwise noted, is licensed under a
Creative Commons License